000 00629nam a2200217Ii 4500
001 11187
003 CO-ViMGA
008 241108s9999||||xx |||||||||||||| ||und||
020 _a847386042X
040 _aCO-ViMGA
_bspa
_erda
_cCO-ViMGA
041 0 _aunk
082 0 4 _a823-B954
100 1 _aAnthony Burgess
_953547
245 1 0 _aSinfonía Napoleónica
264 1 _a[Lugar de publicación no identificado] : Ultramar Editores, 1976
300 _avolumen
336 _atext
_btxt
_2rdacontent
337 _aunmediated
_bn
_2rdamedia
338 _avolume
_bnc
_2rdacarrier
940 _aidficha_siabuc: 10920. -- ficha_no_siabuc:11187
999 _c50209
_d50209